Canciones de Clics Modernos - Charly García - Estadísticas

Estadísticas generales
  • Esta prueba ha sido intentada 22 veces
  • La puntuación promedio es 7 de 9
Estadísticas de respuestas
Hint Respuesta % Correcto
1 Nos siguen pegando abajo
88%
9 Ojos de videotape
88%
7 Los dinosaurios
82%
6 No me dejan salir
82%
3 Dos cero uno
76%
2 No soy un extraño
71%
8 Plateado sobre plateado (huellas en el mar)
65%
4 Nuevos trapos
59%
5 Bancate ese defecto
53%
No se encontraron pruebas coincidentes
Distribución de puntuación
Porcentaje de gente con cada puntuación
Porcentaje por número respondido
Historial de tus puntuaciones
No has intentado esta prueba.